| 000 | 00944nam0a22002651 4500 | ||
|---|---|---|---|
| 001 | rc\281777 | ||
| 005 | 20250621015106.0 | ||
| 035 | _a(NLR Aleph) 005508899 | ||
| 090 |
_a5385137 _c5385137 |
||
| 100 | _a20030307d1990 |||y0rusy50 ca | ||
| 101 | 0 | _arus | |
| 102 | _aRU | ||
| 105 | _ay ||||||||| | ||
| 200 | 1 |
_aРоман императора _eАлександр II и княгиня Юрьевская _e[Перевод] |
|
| 210 |
_aМ. _cСкиф _cПрофиздат _d1990 |
||
| 215 |
_a95, [1] с. _d20 |
||
| 300 | _aИзд. также под загл.: Александр II и Екатерина Юрьевская | ||
| 600 | 0 |
_aАлександр _dII _cимп. _2psbo |
|
| 600 | 1 |
_aЮрьевская _bЕ.М. _gЕкатерина Михайловна _2psbo |
|
| 700 | 1 |
_aПалеолог _bМ. _f1859-1944 _gМорис |
|
| 801 | 0 |
_aRU _bNLR _gpsbo |
|
| 801 | 1 |
_aRU _bELAR _2rusmarc |
|
| 852 |
_aNLR _j90-4/17182 |
||
| 942 | _cBOOK | ||
| 980 | _aNB | ||